| 000 | 01377cam a22003974i 4500 | ||
|---|---|---|---|
| 003 | PE-LiUPU | ||
| 005 | 20250731172925.0 | ||
| 008 | 170508s1967 r 000 0 spa d | ||
| 035 | _a(Sirsi) a203921 | ||
| 040 |
_aPE-LiUPU _bspa _cPE-LiUPU _erda |
||
| 082 | 0 | 4 |
_a227.1 _bS79 |
| 100 | 1 |
_aSteele, David N., _eautor. |
|
| 245 |
_aRomans : _bAn interpretive outline / _cDavid N. Steele. |
||
| 264 | 1 |
_aEE.UU : _btHE PRESBYTERIAN, _c1967. |
|
| 300 |
_a200 páginas ; _c23 centímetros. |
||
| 336 |
_text _2rdacontent |
||
| 337 |
_unmediated _2rdamedia |
||
| 338 |
_volume _2rdacarrier |
||
| 505 | 0 | _aPlan of the study -- Justification by faith and its consequences -- The rejection of the jews and the inclusion of the gentiles as God's people -- Practical exhortations and personal matters | |
| 526 | _aSEG42 | ||
| 526 | _aSEG41 | ||
| 526 | _aSEG40 | ||
| 526 | _aSEG39 | ||
| 526 | _aP94 | ||
| 526 | _aP87 | ||
| 526 | _aP86 | ||
| 526 | _aP85 | ||
| 526 | _aP77 | ||
| 526 | _aP76 | ||
| 526 | _aP35 | ||
| 650 | 0 | 4 |
_ainterpretacion _xRomanos. |
| 596 | _a1 | ||
| 942 |
_2ddc _cBOOK |
||
| 999 |
_a227.1 S79 _wDEWEY _c20301 _i75816 _d20301 _f2021-11-9 _g4 _lCCODEBUL1 _mBUL _q1 _r0 _sY _tBOOK _u2017-5-8 _xTEOLOGIA _PP85 _0COMPRA _o.STAFF. Colección Teología |
||
| 980 |
_81 _gALBERTO SANCHEZ Responsable de Automatización |
||